Lemurs of Madagascar (Record no. 1139)

MARC details
000 -LEADER
fixed length control field 00566nam a2200217Ia 4500
008 - FIXED-LENGTH DATA ELEMENTS--GENERAL INFORMATION
fixed length control field 130318s9999 xx 000 0 und d
020 ## - INTERNATIONAL STANDARD BOOK NUMBER
International Standard Book Number 1881173887
082 ## - DEWEY DECIMAL CLASSIFICATION NUMBER
Classification number 599.83 MIT/L;4
100 ## - MAIN ENTRY--PERSONAL NAME
Personal name Mittermeier, Russell A
245 ## - TITLE STATEMENT
Title Lemurs of Madagascar
250 ## - EDITION STATEMENT
Edition statement 2
260 ## - PUBLICATION, DISTRIBUTION, ETC.
Name of publisher, distributor, etc. Conservational International
Place of publication, distribution, etc. USA
Date of publication, distribution, etc. 2006
300 ## - PHYSICAL DESCRIPTION
Extent 520
440 ## - SERIES STATEMENT/ADDED ENTRY--TITLE
Title Conservation International Tropical Field Guide Series
650 ## - SUBJECT ADDED ENTRY--TOPICAL TERM
Topical term or geographic name entry element ANIMALS
650 ## - SUBJECT ADDED ENTRY--TOPICAL TERM
Topical term or geographic name entry element BIRDS
650 ## - SUBJECT ADDED ENTRY--TOPICAL TERM
Topical term or geographic name entry element LEMURS
650 ## - SUBJECT ADDED ENTRY--TOPICAL TERM
Topical term or geographic name entry element WILDLIFE
700 ## - ADDED ENTRY--PERSONAL NAME
Personal name Hawkins, Frank
700 ## - ADDED ENTRY--PERSONAL NAME
Personal name Konstant, William R
Holdings
Withdrawn status Lost status Source of classification or shelving scheme Damaged status Not for loan Home library Current library Shelving location Date acquired Total Checkouts Full call number Barcode Date last seen Price effective from Koha item type
    Dewey Decimal Classification     Kerala University of Digital Sciences, Innovation and Technology Knowledge Centre Kerala University of Digital Sciences, Innovation and Technology Knowledge Centre   18/03/2013   R 599.83 MIT/L;4 1146 18/03/2013 18/03/2013 Reference